000
00304nam a22001457a 4500
008
221213b ||||| |||| 00| 0 eng d
020
_a
9781612505220
041
_a
eng
080
_a
004
082
_a
004BOU
100
_a
19
101
_a
SHKP
245
_a
DATA WISE
_c
BOUDETT.P.K
942
_2
udc
_c
BK
999
_c
59176
_d
59176